00493nam a2200157 450000500170000000800410001702000180005804000130007608200200008910000270010924501120013625000120024826000460026030000170030654600120032320240920105612.0240920b |||||||| |||| 00| 0 eng d a9780190707842 cPK-LaUMT a954.0357bIQB-W aIqbal Chawla, Muhammad aWavell and the dying days of the Raj :bBritain's Penultimate Viceroy in India /cby Muhammad Iqbal Chawla a2nd ed. aKarachi :bOxford University Press,c2023 axv, 313 p. : aEnglish